ბათუმის შოთა რუსთაველის სახელმწიფო უნივერსიტეტის ბიბლიოთეკა

ჩემი დედულეთი. (ბიბ.ჩანაწერი № 41857)

000 -LEADER
fixed length control field 00760nam a2200241Ia 4500
001 - CONTROL NUMBER
control field 8540
003 - CONTROL NUMBER IDENTIFIER
control field GE_BSU
008 - FIXED-LENGTH DATA ELEMENTS--GENERAL INFORMATION
fixed length control field 181216s||||||||xx |||||||||||||| ||und||
040 ## - CATALOGING SOURCE
Transcribing agency GE_BSU
080 ## - UNIVERSAL DECIMAL CLASSIFICATION NUMBER
Universal Decimal Classification number 821.353.1-32
100 ## - MAIN ENTRY--PERSONAL NAME
Personal name ვარშანიძე,მამია.
245 ## - TITLE STATEMENT
Title ჩემი დედულეთი.
245 ## - TITLE STATEMENT
Remainder of title ქრონიკები.
245 ## - TITLE STATEMENT
Statement of responsibility, etc. რედ:ზ.ფირცხალაიშვილი;მხატვ:ი.კუხიანიძე.
260 ## - PUBLICATION, DISTRIBUTION, ETC.
Place of publication, distribution, etc. ბათუმი.
260 ## - PUBLICATION, DISTRIBUTION, ETC.
Name of publisher, distributor, etc. საბჭ.აჭარა.
260 ## - PUBLICATION, DISTRIBUTION, ETC.
Date of publication, distribution, etc. 1980.
300 ## - PHYSICAL DESCRIPTION
Extent 182გვ;21სმ.
653 ## - INDEX TERM--UNCONTROLLED
Uncontrolled term ქრონიკები.
653 ## - INDEX TERM--UNCONTROLLED
Uncontrolled term ჩემი დედულეთი.
942 ## - ADDED ENTRY ELEMENTS (KOHA)
Koha item type წიგნი
ეგზემპლარები
Withdrawn status Lost status Damaged status Not for loan Date acquired Barcode Date last seen Price effective from Koha item type
        2018-12-17 30807 2018-12-17 2018-12-17 წიგნი
        2018-12-17 30808 2018-12-17 2018-12-17 წიგნი